00639 2200193 4500001002100000005001700021008004100038035002400079040001200103082001100115084002200126110003400148245013000182260003900312300003500351650002600386850001200412990002100424YOGYA-0209000004224020170428131804.0 ind  0010-020900000042240 aYOPDYOG a370.21 aDEP 370.212 Kan S aKANTOR Statistik (Yogyakarta) aStatistik pendidikan diluar lingkungan Departemen P&K Provinsi Daerah istimewa Yogyakarta 1995c/ Kantor Statistik Yogyakarta aYogyakartabKantor Statistikc1996 a112 lembar.b: ilus.c; 28 cm. aPendidikanxStatistik aYOPDYOG aCB-D.11/1996-244